Le commercial, le sophiste et le mercenaire : Vers une éthique du commerce (notice n° 1569727)

détails MARC
000 -LEADER
fixed length control field 01123cam a2200133 4500500
005 - DATE AND TIME OF LATEST TRANSACTION
control field 20251214010924.0
041 ## - LANGUAGE CODE
Language code of text/sound track or separate title fre
042 ## - AUTHENTICATION CODE
Authentication code dc
100 10 - MAIN ENTRY--PERSONAL NAME
Personal name Martin, Yann-Hervé
Relator term author
245 00 - TITLE STATEMENT
Title Le commercial, le sophiste et le mercenaire : Vers une éthique du commerce
260 ## - PUBLICATION, DISTRIBUTION, ETC.
Name of publisher, distributor, etc. Management Prospective Éditions,<br/>
Date of publication, distribution, etc. 2022.<br/>
520 ## - SUMMARY, ETC.
Summary, etc. C’est une sorte d’évidence, le métier de commercial a mauvaise réputation, comme s’il s’agissait de nous rappeler qu’Hermès, dieu des marchands, est aussi le dieu des voleurs. Bien sûr, cette réputation est injuste, mais il importe pourtant de la comprendre. D’où vient-elle ? Pourquoi perdure-t-elle ? Pourquoi cette différence de traitement entre le commerçant, souvent valorisé, et le commercial, parfois regardé avec suspicion ? Ce petit livre veut à la fois comprendre les raisons de cette méfiance et réfléchir aux conditions d’une activité commerciale qui puisse faire bon ménage avec l’éthique.
856 41 - ELECTRONIC LOCATION AND ACCESS
Uniform Resource Identifier <a href="https://shs.cairn.info/le-commercial-le-sophiste-et-le-mercenaire--9791094033364?lang=fr&redirect-ssocas=7080">https://shs.cairn.info/le-commercial-le-sophiste-et-le-mercenaire--9791094033364?lang=fr&redirect-ssocas=7080</a>

Pas d'exemplaire disponible.

PLUDOC

PLUDOC est la plateforme unique et centralisée de gestion des bibliothèques physiques et numériques de Guinée administré par le CEDUST. Elle est la plus grande base de données de ressources documentaires pour les Étudiants, Enseignants chercheurs et Chercheurs de Guinée.

Adresse

627 919 101/664 919 101

25 boulevard du commerce
Kaloum, Conakry, Guinée

Réseaux sociaux

Powered by Netsen Group @ 2025